[Event "Maracay Independence Cup 9th"]
[Site "Maracay"]
[Date "2019.07.13"]
[Round "6"]
[White "Gauna Rojas, Jose Gregorio"]
[Black "Mejias Veliz, Erick Jose"]
[Result "1-0"]
[WhiteElo "2028"]
[BlackElo "1953"]
[PlyCount "135"]
[EventDate "2019.07.11"]
[EventType "swiss"]
[EventRounds "7"]
[EventCountry "VEN"]
[SourceTitle "EXT 2020"]
[Source "ChessBase"]
[SourceDate "2019.10.17"]
[SourceVersion "1"]
[SourceVersionDate "2019.10.17"]
[SourceQuality "1"]

1. b4 e5 2. Bb2 Bxb4 3. Bxe5 Nf6 4. c3 Ba5 5. d4 Nc6 6. Bxf6 Qxf6 7. e3 0-0 8. Bd3 Qg5 9. Nf3 Qh5 10. 0-0 d5 11. Re1 Bg4 12. Be2 Rae8 13. h3 Bxf3 14. Bxf3 Qg5 15. Qd3 Re6 16. Bg4 Rg6 17. f4 Qh4 18. Nd2 h5 19. f5 hxg4 20. fxg6 gxh3 21. gxf7+ Rxf7 22. Re2 hxg2 23. Rxg2 Rf6 24. Rf1 Rh6 25. Qf5 Qh1+ 26. Kf2 Rf6 27. Rxg7+ Kxg7 28. Qxf6+ Kxf6 29. Rxh1 Bxc3 30. Nf3 Bb4 31. Rh6+ Kg7 32. Rh5 Ne7 33. Re5 c6 34. Rg5+ Kf8 35. Ne5 Bd6 36. Kf3 Bc7 37. e4 dxe4+ 38. Kxe4 Nd5 39. Kf5 Bd8 40. Rh5 Bc7 41. Nd7+ Ke8 42. Nf6+ Nxf6 43. Kxf6 Bb6 44. Ke6 Bxd4 45. Rg5 Kd8 46. Kd6 Ke8 47. Rg8+ Kf7 48. Rd8 Bb6 49. Rd7+ Kf6 50. Rxb7 c5 51. Kd5 Kg6 52. Rd7 Kf6 53. Rb7 Kg6 54. a4 Kf6 55. Rd7 Kg6 56. Re7 Kf6 57. Re6+ Kf7 58. Re4 Kf6 59. Kc6 Kf5 60. Rc4 Ke6 61. Re4+ Kf6 62. Kb5 Kf5 63. Re7 Kf6 64. Rb7 c4 65. Kxc4 Ke6 66. Kb5 Kd6 67. Rxb6+ axb6 68. Kxb6 1-0

[Event "Valencia Acadar U2200 1st"]
[Site "Valencia"]
[Date "2019.04.07"]
[Round "6.1"]
[White "Gauna Rojas, Jose Gregorio"]
[Black "Hernandez, Leonardo"]
[Result "0-1"]
[WhiteElo "2019"]
[BlackElo "2135"]
[PlyCount "70"]
[EventDate "2019.04.06"]
[EventType "swiss"]
[EventRounds "7"]
[EventCountry "VEN"]
[SourceTitle "EXT 2022"]
[Source "ChessBase"]
[SourceDate "2021.10.06"]
[SourceVersion "1"]
[SourceVersionDate "2021.10.06"]
[SourceQuality "1"]

1. e4 e6 2. d4 d5 3. Nc3 dxe4 4. Nxe4 Nf6 5. Bg5 Be7 6. Nxf6+ Bxf6 7. Bxf6 Qxf6 8. Nf3 0-0 9. Bd3 c5 10. 0-0 cxd4 11. Nxd4 Rd8 12. Nb5 Nc6 13. Qc1 Bd7 14. Nc3 Ne5 15. Be4 Bc6 16. Bxc6 Nxc6 17. Ne4 Qf5 18. f3 Qb5 19. c4 Qa6 20. Qc3 Nd4 21. Rf2 e5 22. Nc5 Qb6 23. b4 a5 24. Qe3 Qxb4 25. Nb3 f6 26. c5 Rac8 27. Rc1 Ne6 28. g3 a4 29. Nd2 Nxc5 30. Kg2 b5 31. Nf1 Rd4 32. a3 Qb3 33. Rc3 Qd5 34. Qe1 Rd3 35. Rcc2 Rxa3 0-1

[Event "Valencia Acadar op 2nd"]
[Site "Valencia"]
[Date "2019.02.16"]
[Round "3"]
[White "Acosta Villarroel, Lorner Justus"]
[Black "Gauna Rojas, Jose Gregorio"]
[Result "1-0"]
[WhiteElo "2165"]
[BlackElo "2013"]
[PlyCount "61"]
[EventDate "2019.02.16"]
[EventType "swiss"]
[EventRounds "5"]
[EventCountry "VEN"]
[SourceTitle "EXT 2020"]
[Source "ChessBase"]
[SourceDate "2019.10.17"]
[SourceVersion "1"]
[SourceVersionDate "2019.10.17"]
[SourceQuality "1"]

1. d4 Nf6 2. Nf3 g6 3. g3 Bg7 4. Bg2 0-0 5. 0-0 d5 6. c4 dxc4 7. Na3 Nc6 8. Nxc4 Bf5 9. b3 Be4 10. Bb2 Bd5 11. Rc1 Nb8 12. e3 a5 13. a3 Nc6 14. Qe2 Qc8 15. Rfd1 Qd7 16. Ncd2 a4 17. b4 Qf5 18. h3 Rfd8 19. g4 Bxf3 20. Bxf3 Qd7 21. Rc2 Nd5 22. Ne4 Qe8 23. Nc5 Ra7 24. Qb5 e6 25. Nxb7 Nxd4 26. Qxe8+ Rxe8 27. Bxd4 Bxd4 28. Rxd4 Rxb7 29. Bxd5 exd5 30. Rxd5 Re7 31. Ra5 1-0

[Event "San Cristobal op 3rd"]
[Site "San Cristobal"]
[Date "2016.11.12"]
[Round "5"]
[White "Gauna Rojas, Jose Gregorio"]
[Black "Valera Rivas, Hebert Jose"]
[Result "1-0"]
[WhiteElo "1949"]
[BlackElo "1846"]
[PlyCount "53"]
[EventDate "2016.11.10"]
[EventType "swiss"]
[EventRounds "7"]
[EventCountry "VEN"]
[SourceTitle "EXT 2018"]
[Source "ChessBase"]
[SourceDate "2017.10.13"]
[SourceVersion "1"]
[SourceVersionDate "2017.10.13"]
[SourceQuality "1"]

1. d4 d5 2. c4 e6 3. Nc3 Be7 4. Nf3 Nf6 5. Bg5 0-0 6. Rc1 b6 7. cxd5 Nxd5 8. Bxe7 Qxe7 9. e4 Nxc3 10. Rxc3 Bb7 11. Qc2 c6 12. Bd3 Nd7 13. 0-0 Rac8 14. Qe2 e5 15. dxe5 Nxe5 16. Nxe5 Qxe5 17. Qe3 Rfd8 18. f4 Qd4 19. Re1 c5 20. Kf2 c4 21. Bc2 b5 22. Qxd4 Rxd4 23. Ke3 Rcd8 24. b3 cxb3 25. axb3 g6 26. Rc7 R8d7 27. Rxb7 1-0